La explicación científica (Registro nro. 4113)

Detalles MARC
000 -LEADER
fixed length control field 01291 a2200217 4500
001 - CONTROL NUMBER
control field 46011
005 - DATE AND TIME OF LATEST TRANSACTION
control field 20260407155733.0
008 - FIXED-LENGTH DATA ELEMENTS--GENERAL INFORMATION
fixed length control field 260407a1965 arg spa d
003 - CONTROL NUMBER IDENTIFIER
control field AR-UNSa-BCEJYS
040 ## - CATALOGING SOURCE
Original cataloging agency AR-UNSa-BCEJYS
Language of cataloging spa
Transcribing agency AR-UNSa-BCEJYS
080 ## - UNIVERSAL DECIMAL CLASSIFICATION NUMBER
Universal Decimal Classification number 001.5
Common auxiliary subdivision Teorías científicas. hipótesis y sistemas. relaciones entre los hechos científicos
041 ## - LANGUAGE CODE
Language code of text/sound track or separate title spa
100 1# - MAIN ENTRY--PERSONAL NAME
Personal name Sanchez de Zavala, Víctor
245 10 - TITLE STATEMENT
Title La explicación científica
264 #1 - PRODUCTION, PUBLICATION, DISTRIBUTION, MANUFACTURE, AND COPYRIGHT NOTICE
Place of production, publication, distribution, manufacture Madrid :
Name of producer, publisher, distributor, manufacturer Tecnos
Date of production, publication, distribution, manufacture, or copyright notice 1965
300 ## - PHYSICAL DESCRIPTION
Extent 410 p.
Dimensions 23 cm.
505 ## - FORMATTED CONTENTS NOTE
Formatted contents note 1. Introducción – 2. Los sistemas deductivos de la ciencia y sus representaciones – 3. La condición de los términos teoréticos de una ciencia – 4. Los modelos de las teorías científicas, su uso y abuso – 5. Hipótesis estadísticas, enunciados probabilitarios y aritmética de razones de clase – 6. El significado de los enunciados probabilitarios dentro de un sistema científico – 7. La elección entre hipótesis estadísticas – 8. La justificación de la inducción – 9. Las leyes de la naturaleza y la casualidad – 10. Explicación casual y explicación teleológica – 11. La explicación de las leyes científicas.
590 ## - LOCAL NOTE (RLIN)
Local note niveau_biblio:m niveau_hierar:0
700 1# - ADDED ENTRY--PERSONAL NAME
Personal name Braithwaite, Richard B.
942 ## - ADDED ENTRY ELEMENTS (KOHA)
Koha item type
Existencias
Withdrawn status Lost status Damaged status Not for loan Home library Current library Shelving location Date acquired Total checkouts Full call number Barcode Date last seen Price effective from Koha item type
        Biblioteca Prof. Eusebio Cleto del Rey Biblioteca Prof. Eusebio Cleto del Rey   07/04/2026   001.5 B814 L12447 07/04/2026 07/04/2026 Libro
        Biblioteca Prof. Eusebio Cleto del Rey Biblioteca Prof. Eusebio Cleto del Rey   07/04/2026   001.5 B814 L12448 07/04/2026 07/04/2026 Libro
        Biblioteca Prof. Eusebio Cleto del Rey Biblioteca Prof. Eusebio Cleto del Rey   07/04/2026   001.5 B814 L21760 07/04/2026 07/04/2026 Libro